Statistiken für Großstädte Deutschlands auf einer Karte

Klicken Sie hier um das Quiz zu spielen!

Allgemein

  • Dieses Quiz wurde 1.024 mal gespielt
  • Das Durchschnittsergebnis liegt bei 58 aus 80

Antworten auf der Karte

Die Antworten werden auf der Karte rot bzw. grün angezeigt, abhängig davon wie oft sie richtig erraten wurden.
 

Antwortstatistiken

BevölkerungGroßstadt% Korrekt
3.677.472Berlin
99%
1.853.935Hamburg
99%
563.290Bremen
98%
1.487.708München
98%
555.351Dresden
96%
246.243Kiel
96%
1.073.096Köln
96%
759.224Frankfurt
95%
626.275Stuttgart
95%
601.866Leipzig
94%
535.932Hannover
93%
183.154Potsdam
93%
179.634Saarbrücken
93%
586.852Dortmund
91%
619.477Düsseldorf
91%
217.556Mainz
91%
510.632Nürnberg
91%
208.400Rostock
89%
213.227Erfurt
87%
579.432Essen
87%
231.848Freiburg
86%
236.188Magdeburg
86%
296.478Augsburg
84%
249.070Aachen
83%
331.885Bonn
83%
113.173Bremerhaven
83%
311.831Mannheim
82%
278.950Wiesbaden
82%
243.105Chemnitz
80%
216.277Lübeck
80%
334.002Bielefeld
79%
306.502Karlsruhe
79%
126.949Ulm
79%
123.949Wolfsburg
79%
495.152Duisburg
78%
248.823Braunschweig
77%
260.126Gelsenkirchen
77%
200.406Kassel
77%
363.441Bochum
76%
138.016Ingolstadt
76%
153.542Regensburg
76%
110.502Jena
75%
238.061Halle
74%
317.713Münster
74%
170.389Osnabrück
73%
159.631Darmstadt
72%
129.122Fürth
72%
170.389Oldenburg
72%
126.933Würzburg
70%
163.851Leverkusen
68%
110.570Trier
68%
354.572Wuppertal
68%
159.245Heidelberg
67%
113.638Koblenz
67%
152.531Paderborn
67%
275.055Mönchengladbach
66%
131.295Offenbach
63%
116.557Göttingen
61%
172.145Ludwigshafen
61%
208.752Oberhausen
60%
113.292Erlangen
59%
179.238Hamm
58%
101.516Siegen
55%
227.050Krefeld
54%
111.645Bergisch Gladbach
53%
125.613Heilbronn
51%
188.713Hagen
50%
156.621Herne
50%
100.319Hildesheim
50%
103.694Salzgitter
50%
125.529Pforzheim
49%
110.714Recklinghausen
48%
116.456Reutlingen
47%
152.731Neuss
46%
158.957Solingen
46%
101.158Gütersloh
44%
117.311Bottrop
43%
170.739Mülheim
43%
103.725Moers
39%
111.770Remscheid
39%

Verteilung der Resultate

Perzentil nach korrekt beantworteten Fragen

Anzahl Personen mit jedem Resultat

Ihre Resultats-Entwicklung

Sie haben dieses Quiz noch nicht gespielt